[Event "RUS-ChT L1"]
[Site "Sochi RUS"]
[Date "2008.04.07"]
[Round "5"]
[White "Geller, Jakov"]
[Black "Nevostrujev, Vladimir"]
[Result "1/2-1/2"]
[WhiteElo "2511"]
[BlackElo "2469"]
[EventDate "2008.04.03"]
[PlyCount "149"]

1.e4 c5 2.Nf3 d6 3.d4 cxd4 4.Nxd4 Nf6 5.Nc3 a6 6.Bc4 e6 7.a4 Be7 8.O-O O-O
9.Be3 Nxe4 10.Nxe4 d5 11.Bd3 dxe4 12.Bxe4 Nd7 13.c3 Nf6 14.Bc2 Qc7 15.Re1 
Bd6 16.h3 Bh2+ 17.Kh1 Bf4 18.Qd2 Nd5 19.Bxf4 Qxf4 20.Qxf4 Nxf4 21.Rad1 Bd7
22.a5 Rfc8 23.Be4 Rc7 24.Ne2 Nh5 25.Rd6 Nf6 26.Bf3 Kf8 27.Nd4 Re8 28.Re5 
Bc8 29.g4 g6 30.Ne2 Nd7 31.Re3 h6 32.Kg2 Ke7 33.Rd1 f6 34.Be4 Ne5 35.b3 g5
36.f4 gxf4 37.Nxf4 Rg8 38.Kf2 Rg5 39.b4 Bd7 40.Nd3 Nc4 41.Ree1 h5 42.gxh5 
Rxh5 43.Nc5 Bc8 44.Rg1 Rg5 45.Rxg5 fxg5 46.Rg1 Kf6 47.Rg3 Nxa5 48.Bd3 Rxc5
49.bxc5 Nb3 50.Rf3+ Ke7 51.c6 bxc6 52.Bg6 a5 53.Rf7+ Kd6 54.Ra7 e5 55.Kg3 
c5 56.Bc2 c4 57.Bxb3 cxb3 58.Rxa5 Bf5 59.Rb5 Bc2 60.Kg4 Kc6 61.Rb4 e4 62.
Kg3 Kd5 63.Kf2 Kc5 64.Ke2 Kd5 65.Kd2 Ke5 66.Ke3 Kd5 67.Kd2 Ke5 68.Ke3 Kd5 
69.Ke2 Ke5 70.Ke3 Kd5 71.Rb8 Kc4 72.Rc8+ Kd5 73.c4+ Kd6 74.Rb8 Kc5 75.Rxb3
1/2-1/2

[Event "RUS-ChT L1"]
[Site "Sochi RUS"]
[Date "2008.04.07"]
[Round "5"]
[White "Grishchenko, Sergey"]
[Black "Lintchevski, Daniil"]
[Result "1/2-1/2"]
[WhiteElo "2390"]
[BlackElo "2440"]
[EventDate "2008.04.03"]
[PlyCount "149"]

1.d4 d5 2.c4 c6 3.Nc3 Nf6 4.Nf3 dxc4 5.e4 b5 6.e5 Nd5 7.Be2 e6 8.O-O Be7 
9.Ne4 h6 10.b3 cxb3 11.axb3 Bb7 12.Bd3 Nd7 13.Ba3 b4 14.Bb2 c5 15.dxc5 
Nxc5 16.Bb5+ Kf8 17.Nd6 Qb6 18.Bc4 Nc3 19.Qd4 Bxd6 20.exd6 N5e4 21.Qxb6 
axb6 22.Rxa8+ Bxa8 23.Ra1 Bb7 24.Ba6 Bd5 25.Bc4 Nxd6 26.Bxd5 Nxd5 27.Ra7 
Kg8 28.g3 Kh7 29.Rd7 Ne4 30.Rxf7 Ndc3 31.Kg2 Ra8 32.Ne5 Ra2 33.Nd3 Nc5 34.
Bxc3 bxc3 35.Nxc5 bxc5 36.Rf3 Rc2 37.Re3 Rc1 38.h4 Kg8 39.Kf3 Kf7 40.Ke4 
Ke7 41.Kd3 Kd6 42.Kc4 Rf1 43.Re2 Rc1 44.Re3 c2 45.Re2 g5 46.hxg5 hxg5 47.
Kc3 Kd5 48.Kb2 Rf1 49.Kxc2 Kd4 50.Rd2+ Ke4 51.Re2+ Kf3 52.Rxe6 Rxf2+ 53.
Kc3 g4 54.Re5 Kxg3 55.Rxc5 Rf4 56.b4 Kf2 57.Kb3 g3 58.Ka4 g2 59.Rg5 Kf3 
60.Rxg2 Kxg2 61.Kb5 Kf3 62.Kc5 Ke4 63.b5 Rf5+ 64.Kc6 Rf6+ 65.Kc5 Rf5+ 66.
Kc6 Kd4 67.b6 Rf6+ 68.Kc7 Kc5 69.b7 Rf7+ 70.Kb8 Rf8+ 71.Kc7 Rf7+ 72.Kb8 
Kb6 73.Ka8 Rf8+ 74.b8=Q+ Rxb8+ 75.Kxb8 1/2-1/2

[Event "RUS-ChT L1"]
[Site "Sochi RUS"]
[Date "2008.04.07"]
[Round "5"]
[White "Gutov, Andrey"]
[Black "Smirnov, Pavel"]
[Result "1/2-1/2"]
[WhiteElo "2467"]
[BlackElo "2599"]
[EventDate "2008.04.03"]
[PlyCount "105"]

1.d4 Nf6 2.c4 e6 3.Nc3 Bb4 4.e3 O-O 5.Bd3 c5 6.Nf3 d5 7.O-O Nc6 8.a3 Bxc3 
9.bxc3 Qc7 10.cxd5 exd5 11.a4 Re8 12.Ba3 c4 13.Bc2 Ne4 14.Bxe4 Rxe4 15.Nd2
Re8 16.e4 dxe4 17.Re1 Bf5 18.Nxc4 Rad8 19.d5 Ne5 20.Ne3 Bg6 21.Qd4 f5 22.
d6 Qf7 23.Nd5 f4 24.Nc7 Nc6 25.Qd5 Re5 26.Qxf7+ Bxf7 27.Rab1 Na5 28.Rb5 
Rxb5 29.axb5 Nc4 30.Bc5 b6 31.Bb4 e3 32.fxe3 fxe3 33.h3 h6 34.Rd1 Nb2 35.
Rd4 e2 36.Re4 Nd3 37.Rxe2 Nxb4 38.cxb4 Rxd6 39.Rc2 Rd4 40.Na6 Bc4 41.Nc7 
Bd3 42.Rc3 Be4 43.Ne6 Rd2 44.g4 Kf7 45.Nf4 Rc2 46.Ra3 Rc7 47.Kf2 Kf6 48.
Ke3 Ba8 49.Ne2 Re7+ 50.Kf2 Rd7 51.Ke3 Re7+ 52.Kf2 Rd7 53.Ke3 1/2-1/2

[Event "RUS-ChT L1"]
[Site "Sochi RUS"]
[Date "2008.04.07"]
[Round "5"]
[White "Kabanov, Nikolai"]
[Black "Iskusnyh, Sergei"]
[Result "0-1"]
[WhiteElo "2517"]
[BlackElo "2478"]
[EventDate "2008.04.03"]
[PlyCount "52"]

1.e4 c5 2.Nf3 d6 3.d4 cxd4 4.Nxd4 Nf6 5.Nc3 Bg4 6.f3 e5 7.Nb3 Be7 8.Be3 
O-O 9.Qd2 a5 10.a3 a4 11.Nc1 Be6 12.Nd3 Nc6 13.Rd1 d5 14.exd5 Nxd5 15.Nxd5
Qxd5 16.Nc5 Bh4+ 17.Bf2 Qxc5 18.Bxh4 e4 19.fxe4 Qe5 20.Bd3 Qxb2 21.O-O 
Qxa3 22.Rb1 Qd6 23.e5 Qxe5 24.Rb5 Qd4+ 25.Bf2 Qd8 26.Bb6 Qd7 0-1

[Event "RUS-ChT L1"]
[Site "Sochi RUS"]
[Date "2008.04.07"]
[Round "5"]
[White "Kalugin, Sergei"]
[Black "Miroshnichenko, Evgenij"]
[Result "1/2-1/2"]
[WhiteElo "2457"]
[BlackElo "2647"]
[EventDate "2008.04.03"]
[PlyCount "72"]

1.e4 c5 2.Nf3 d6 3.d4 cxd4 4.Nxd4 Nf6 5.Nc3 Nc6 6.Bc4 Qb6 7.Ndb5 a6 8.Be3 
Qd8 9.Nd4 Ng4 10.O-O Nce5 11.Bb3 Nxe3 12.fxe3 e6 13.Nf3 Qc7 14.Nxe5 dxe5 
15.Qg4 g6 16.Rad1 Bg7 17.Ba4+ Ke7 18.Rd2 b5 19.Bb3 Qb6 20.Kh1 f6 21.Rfd1 
Ra7 22.a4 Rd7 23.a5 Qc6 24.Rxd7+ Bxd7 25.Na2 Bc8 26.Nb4 Qc7 27.h3 Re8 28.
Rd3 Kf8 29.Rc3 Qd6 30.Rc6 Qxb4 31.Rxc8 Rxc8 32.Qxe6 Rc4 33.Qxa6 Bh6 34.
Qxf6+ Kg8 35.Qe6+ Kf8 36.Qf6+ Kg8 1/2-1/2

[Event "RUS-ChT L1"]
[Site "Sochi RUS"]
[Date "2008.04.07"]
[Round "5"]
[White "Klimov, Sergey"]
[Black "Maslak, Konstantin"]
[Result "1-0"]
[WhiteElo "2483"]
[BlackElo "2510"]
[EventDate "2008.04.03"]
[PlyCount "97"]

1.e4 e6 2.d4 d5 3.e5 c5 4.c3 Qb6 5.Nf3 Nc6 6.a3 c4 7.Nbd2 Na5 8.Be2 Bd7 9.
O-O Ne7 10.Re1 h6 11.Rb1 O-O-O 12.Nf1 Kb8 13.h4 Qc7 14.Bf4 Nc8 15.Ne3 Nb6 
16.Bf1 Ka8 17.h5 Ba4 18.Qe2 Bb3 19.Bh2 Na4 20.Ra1 Be7 21.Kh1 Qb6 22.Ng1 
Nc6 23.Qd2 Qa5 24.Re2 a6 25.f4 Na7 26.Bg3 Nb5 27.Be1 Rdf8 28.g3 Qd8 29.Bh3
Qe8 30.Nf3 f5 31.exf6 Bxf6 32.Kg2 Qf7 33.Ng4 Qxh5 34.Rxe6 Nc7 35.Re2 g5 
36.f5 Rhg8 37.Nxf6 Rxf6 38.g4 Qf7 39.Bg3 Rxf5 40.gxf5 g4 41.Bxg4 Rxg4 42.
Ne5 Rxg3+ 43.Kxg3 Qxf5 44.Qxh6 Bc2 45.Rae1 Nb5 46.Rf2 Qh7 47.Qxh7 Bxh7 48.
Nc6 bxc6 49.Re7 1-0

[Event "RUS-ChT L1"]
[Site "Sochi RUS"]
[Date "2008.04.07"]
[Round "5"]
[White "Korotylev, Alexey"]
[Black "Kovalenko, Igor"]
[Result "1-0"]
[WhiteElo "2607"]
[BlackElo "2450"]
[EventDate "2008.04.03"]
[PlyCount "109"]

1.d4 f5 2.g3 Nf6 3.Bg2 g6 4.c4 Bg7 5.b4 O-O 6.Nf3 d5 7.Nbd2 Nc6 8.a3 dxc4 
9.Nxc4 Be6 10.Qd3 Bd5 11.Bb2 Be4 12.Qb3 Bd5 13.Qd3 Be4 14.Qd1 a5 15.b5 Qd5
16.bxc6 Qxc4 17.cxb7 Bxb7 18.Rc1 Qa2 19.Rc2 Be4 20.Rd2 Rab8 21.Bc1 Qd5 22.
O-O Rb3 23.Ne1 Rfb8 24.Rc2 Qd6 25.Bxe4 Nxe4 26.Nf3 R8b7 27.Rc4 Qe6 28.Qc2 
c5 29.Rd1 cxd4 30.Nxd4 Bxd4 31.Rcxd4 Kf7 32.Rd8 Rc3 33.Qa4 Qc6 34.Qxc6 
Rxc6 35.Be3 Rb3 36.R1d3 Rcc3 37.R3d5 Rxa3 38.Re5 Rc6 39.Rh8 Nf6 40.Bh6 e6 
41.Rb5 Rac3 42.Bf4 g5 43.Bxg5 Rc2 44.Kf1 a4 45.Ra5 Ra2 46.h4 Rc7 47.Raa8 
Kg6 48.Ra6 Kf7 49.h5 Rac2 50.Bf4 Re7 51.Raa8 Kg7 52.Be5 Rf7 53.Rag8+ Kh6 
54.Rg6+ Kxh5 55.Rxf6 1-0

[Event "RUS-ChT L1"]
[Site "Sochi RUS"]
[Date "2008.04.07"]
[Round "5"]
[White "Krutko, Anatoly"]
[Black "Ajrapetian, Gevorg"]
[Result "1-0"]
[WhiteElo "2451"]
[BlackElo "2298"]
[EventDate "2008.04.03"]
[PlyCount "45"]

1.c4 g6 2.Nc3 Bg7 3.d4 d6 4.Nf3 Nf6 5.Bg5 O-O 6.e3 Nbd7 7.h3 e5 8.Be2 Re8 
9.Qc2 c6 10.O-O Qe7 11.Rad1 h6 12.Bh4 Qf8 13.Bg3 a6 14.c5 dxc5 15.dxe5 Nh7
16.e6 Rxe6 17.Bc4 Rf6 18.Ne4 Rxf3 19.gxf3 Ne5 20.Bxe5 Bxe5 21.Nd6 Bxd6 22.
Qxg6+ Kh8 23.Qxd6 1-0

[Event "RUS-ChT L1"]
[Site "Sochi RUS"]
[Date "2008.04.07"]
[Round "5"]
[White "Lanin, Alexsej"]
[Black "Nagibin, George"]
[Result "1-0"]
[WhiteElo "2456"]
[BlackElo "2356"]
[EventDate "2008.04.03"]
[PlyCount "87"]

1.d4 Nf6 2.c4 g6 3.Nc3 Bg7 4.e4 d6 5.f3 O-O 6.Be3 Nc6 7.Qd2 a6 8.Nge2 Rb8 
9.d5 Na5 10.Nc1 c5 11.Nb3 Bd7 12.Nd1 Nxb3 13.axb3 b5 14.Rxa6 b4 15.e5 Ne8 
16.exd6 exd6 17.Bg5 f6 18.Bh6 Ra8 19.Rxa8 Qxa8 20.Bd3 Bxh6 21.Qxh6 Ng7 22.
Kd2 Qa2 23.Bc2 Re8 24.g4 Ba4 25.bxa4 Qxc4 26.Kc1 Re2 27.Ne3 Qa2 28.Kd1 Rf2
29.Ke1 Rxc2 30.Nxc2 Qb1+ 31.Kf2 Qxh1 32.Ne1 c4 33.Qf4 Ne8 34.a5 c3 35.bxc3
b3 36.Qa4 Qxh2+ 37.Ng2 Kf8 38.Qxb3 h5 39.gxh5 gxh5 40.Qc4 Qe5 41.a6 Qe7 
42.Qd4 Nc7 43.Nf4 Kf7 44.a7 1-0

[Event "RUS-ChT L1"]
[Site "Sochi RUS"]
[Date "2008.04.07"]
[Round "5"]
[White "Lovkov, Roman"]
[Black "Kuzovkin, Alexander Vasilievi"]
[Result "1-0"]
[WhiteElo "2457"]
[BlackElo "2346"]
[EventDate "2008.04.03"]
[PlyCount "79"]

1.e4 e6 2.d4 d5 3.Nd2 Nf6 4.e5 Nfd7 5.Bd3 b6 6.Ne2 Be7 7.O-O Ba6 8.Bxa6 
Nxa6 9.c3 c5 10.a3 c4 11.f4 g6 12.g4 Nc7 13.f5 Bg5 14.Nf3 Bxc1 15.Qxc1 Qe7
16.Qh6 O-O-O 17.Nf4 gxf5 18.gxf5 exf5 19.Nh4 Rhg8+ 20.Nfg2 f6 21.Nxf5 Qf8 
22.Qxh7 Rh8 23.Qe7 Kb8 24.e6 Qxe7 25.Nxe7 Nxe6 26.Nc6+ Kc7 27.Nxd8 Rxd8 
28.h4 Rg8 29.Kh2 Rh8 30.Kg3 Ng7 31.Rae1 Kc6 32.Ne3 Re8 33.Ng4 Nh5+ 34.Kf3 
Re4 35.Rxe4 dxe4+ 36.Ke3 Kd6 37.Rf2 Ke6 38.d5+ Kd6 39.Kxe4 f5+ 40.Kxf5 1-0

[Event "RUS-ChT L1"]
[Site "Sochi RUS"]
[Date "2008.04.07"]
[Round "5"]
[White "Maximov, Dmitry"]
[Black "Belov, Vladimir"]
[Result "1/2-1/2"]
[WhiteElo "2485"]
[BlackElo "2578"]
[EventDate "2008.04.03"]
[PlyCount "38"]

1.e4 c6 2.d4 d5 3.exd5 cxd5 4.c4 Nf6 5.Nc3 g6 6.cxd5 Nxd5 7.Bc4 Nb6 8.Bb3 
Bg7 9.Nge2 O-O 10.O-O Nc6 11.d5 Na5 12.Bg5 h6 13.Bf4 Nxb3 14.Qxb3 e6 15.
Rad1 Nxd5 16.Nxd5 exd5 17.Rxd5 Qh4 18.Rd2 b6 19.Bg3 Qg5 1/2-1/2

[Event "RUS-ChT L1"]
[Site "Sochi RUS"]
[Date "2008.04.07"]
[Round "5"]
[White "Minasian, Artashes"]
[Black "Brodsky, Michail"]
[Result "1/2-1/2"]
[WhiteElo "2578"]
[BlackElo "2572"]
[EventDate "2008.04.03"]
[PlyCount "75"]

1.g3 e5 2.Bg2 d5 3.d3 Nc6 4.a3 Nf6 5.b4 a5 6.b5 Nd4 7.Bb2 Nxb5 8.Bxe5 Be7 
9.Nf3 O-O 10.O-O a4 11.Qc1 Nd7 12.Bb2 Bf6 13.Ra2 Re8 14.c4 dxc4 15.dxc4 
Nd6 16.c5 Ne4 17.c6 bxc6 18.Qxc6 Ra6 19.Bxf6 Ndxf6 20.Qc1 c5 21.Nbd2 Be6 
22.Rb2 Rb6 23.Nxe4 Nxe4 24.Ne5 Bb3 25.Nc4 Rbe6 26.Nd2 Nxd2 27.Rxd2 Rd6 28.
Rxd6 Qxd6 29.Qb2 Rd8 30.Rc1 Qd2 31.Qxd2 Rxd2 32.Rxc5 g6 33.Bf3 Ra2 34.Bd5 
Rxe2 35.Bxb3 axb3 36.Rb5 b2 37.Kg2 Rc2 38.a4 1/2-1/2

[Event "RUS-ChT L1"]
[Site "Sochi RUS"]
[Date "2008.04.07"]
[Round "5"]
[White "Moiseenko, Vladimir1"]
[Black "Ivanov, Alexey2"]
[Result "0-1"]
[WhiteElo "2409"]
[BlackElo "2418"]
[EventDate "2008.04.03"]
[PlyCount "60"]

1.e4 c5 2.Nc3 Nc6 3.f4 e6 4.Nf3 d5 5.Bb5 Ne7 6.Qe2 d4 7.Nd1 a6 8.Bxc6+ 
Nxc6 9.d3 Be7 10.Nf2 f5 11.g4 O-O 12.h4 b5 13.Bd2 fxe4 14.Nxe4 Qd5 15.h5 
c4 16.h6 g6 17.Qh2 b4 18.Ne5 Nxe5 19.fxe5 cxd3 20.cxd3 Qb5 21.Qe2 Bb7 22.
O-O-O b3 23.Kb1 bxa2+ 24.Ka1 Rab8 25.Bc1 Bxe4 26.Qxe4 Rf2 27.Qxd4 Rc2 28.
Rd2 Qc6 29.Rxc2 Qxc2 30.Be3 Ba3 0-1

[Event "RUS-ChT L1"]
[Site "Sochi RUS"]
[Date "2008.04.07"]
[Round "5"]
[White "Nikolaev, Nikita"]
[Black "Parfenov, Viktor N"]
[Result "1/2-1/2"]
[WhiteElo "2424"]
[BlackElo "2237"]
[EventDate "2008.04.03"]
[PlyCount "54"]

1.d4 Nf6 2.Nf3 d5 3.c4 dxc4 4.e3 g6 5.Bxc4 Bg7 6.O-O O-O 7.Nc3 Nfd7 8.e4 
Nb6 9.Be2 Bg4 10.Be3 Nc6 11.d5 Bxf3 12.Bxf3 Ne5 13.Be2 c6 14.Qb3 cxd5 15.
Rfd1 Nec4 16.Nxd5 Nxe3 17.Nf6+ Bxf6 18.Rxd8 Rfxd8 19.Qxe3 Bxb2 20.Rd1 
Rxd1+ 21.Bxd1 Rd8 22.Bb3 Bd4 23.Qe2 e6 24.g3 Nd7 25.Kg2 Nc5 26.h4 Nxb3 27.
axb3 h5 1/2-1/2

[Event "RUS-ChT L1"]
[Site "Sochi RUS"]
[Date "2008.04.07"]
[Round "5"]
[White "Pokazanjev, Nikolai"]
[Black "Sjugirov, Sanan"]
[Result "0-1"]
[WhiteElo "2405"]
[BlackElo "2491"]
[EventDate "2008.04.03"]
[PlyCount "140"]

1.e4 c5 2.Nf3 d6 3.d4 cxd4 4.Nxd4 Nf6 5.Nc3 a6 6.Be2 e5 7.Nb3 Be7 8.O-O 
O-O 9.Be3 Be6 10.Qd2 Nbd7 11.a4 Rc8 12.a5 Qc7 13.Rfc1 Qc6 14.Bf3 Bc4 15.
Qe1 Rfd8 16.Rd1 Bf8 17.Nc1 Nc5 18.N1a2 Qe8 19.Nb4 Be6 20.h3 Ncd7 21.b3 h6 
22.Na4 Nc5 23.Nb6 Rb8 24.Bc1 Nfd7 25.N6d5 Rdc8 26.Qe2 g6 27.Ne3 f5 28.exf5
gxf5 29.Bd5 Qf7 30.Qf3 f4 31.Nc4 Nf6 32.Bxe6 Qxe6 33.Bb2 Rc7 34.Nd5 Nxd5 
35.Qxd5 Rc6 36.Qxe6+ Nxe6 37.Rd2 Ng7 38.Rad1 Nf5 39.Ba3 Nd4 40.Bb2 Nf5 41.
Rd5 Re8 42.c3 Kf7 43.Ba3 Ke6 44.Kf1 Be7 45.Bb4 Rg8 46.R1d3 Rg6 47.Nd2 Nd4 
48.c4 b5 49.axb6 Rxb6 50.Ba3 Nc2 51.c5 Rb5 52.Bb2 Nb4 53.Rxd6+ Bxd6 54.
Rxd6+ Kf5 55.Bxe5 Rxc5 56.Rxg6 Kxg6 57.Bxf4 Nd3 58.Be3 Rb5 59.f4 Nc1 60.g4
Nxb3 61.f5+ Kg7 62.Ke2 Nxd2 63.Bd4+ Kf7 64.Kxd2 a5 65.Kc2 a4 66.Bb2 Rb4 
67.Bc1 Kg7 68.g5 Rc4+ 69.Kb1 Rxc1+ 70.Kxc1 hxg5 0-1

[Event "RUS-ChT L1"]
[Site "Sochi RUS"]
[Date "2008.04.07"]
[Round "5"]
[White "Potapov, Alexey"]
[Black "Gorovykh, Eduard"]
[Result "0-1"]
[WhiteElo "2320"]
[BlackElo "2402"]
[EventDate "2008.04.03"]
[PlyCount "83"]

1.d4 Nf6 2.c4 g6 3.Nc3 Bg7 4.e4 O-O 5.h3 d6 6.Be3 e5 7.d5 a5 8.Bd3 Na6 9.
g4 Bd7 10.Nge2 c6 11.Qd2 b5 12.cxb5 cxb5 13.Ng3 b4 14.Nce2 Nc5 15.Bxc5 
dxc5 16.a3 Ne8 17.Rc1 Rc8 18.Ba6 Rc7 19.axb4 axb4 20.b3 Qh4 21.Qd3 Nd6 22.
Ng1 f5 23.Nf3 Qe7 24.gxf5 gxf5 25.Nd2 Bh6 26.Rd1 Ra7 27.Bc4 Kh8 28.Qe2 Ra2
29.Bd3 f4 30.Nf5 Bxf5 31.exf5 f3 32.Qxf3 e4 33.Nxe4 Rxf5 34.Qg4 Rf4 35.Qe6
Qxe6 36.dxe6 Nxe4 37.e7 Nf6 38.Bb1 Ra1 39.Ke2 Rxb1 40.e8=Q+ Nxe8 41.Rxb1 
Bg7 42.Rhg1 0-1

[Event "RUS-ChT L1"]
[Site "Sochi RUS"]
[Date "2008.04.07"]
[Round "5"]
[White "Protsenko, Roman"]
[Black "Iordachescu, Viorel"]
[Result "1/2-1/2"]
[WhiteElo "2265"]
[BlackElo "2586"]
[EventDate "2008.04.03"]
[PlyCount "87"]

1.e4 e5 2.Bc4 Nf6 3.d3 Nc6 4.Nf3 Be7 5.O-O O-O 6.Re1 d6 7.c3 Na5 8.Bb5 c5 
9.h3 a6 10.Ba4 b5 11.Bc2 Nc6 12.Nbd2 Re8 13.Nf1 Bf8 14.d4 cxd4 15.cxd4 
exd4 16.Nxd4 Nxd4 17.Qxd4 Qc7 18.Bd3 Qc5 19.Be3 Bb7 20.Ng3 Nd7 21.b4 Qxd4 
22.Bxd4 Ne5 23.Bf1 Nc6 24.Bc3 d5 25.exd5 Nxb4 26.Rxe8 Rxe8 27.Bxb4 Bxb4 
28.a4 Bxd5 29.axb5 a5 30.Nf5 Kf8 31.Bd3 Bc3 32.Rc1 Bb2 33.Rb1 Be5 34.Bc2 
g6 35.Ne3 Ba2 36.Rd1 Be6 37.g4 Rc8 38.Kg2 h5 39.Kf3 Bf6 40.Rd6 hxg4+ 41.
hxg4 Rb8 42.Ba4 Be7 43.Rd1 Bc5 44.Nd5 1/2-1/2

[Event "RUS-ChT L1"]
[Site "Sochi RUS"]
[Date "2008.04.07"]
[Round "5"]
[White "Rychagov, Andrey"]
[Black "Benza, Artyom"]
[Result "1/2-1/2"]
[WhiteElo "2551"]
[BlackElo "2333"]
[EventDate "2008.04.03"]
[PlyCount "60"]

1.d4 Nf6 2.Nf3 e6 3.c4 d5 4.Nc3 c6 5.Bg5 h6 6.Bxf6 Qxf6 7.e3 Nd7 8.Bd3 
dxc4 9.Bxc4 g6 10.O-O Bg7 11.Qc2 O-O 12.Bb3 Qe7 13.Rfd1 b6 14.e4 Bb7 15.e5
Rab8 16.Re1 Rfd8 17.Rad1 Nf8 18.Qe2 Rd7 19.Rd2 c5 20.d5 exd5 21.Nxd5 Bxd5 
22.Bxd5 Rbd8 23.Red1 Ne6 24.Qc4 Kf8 25.Bxe6 fxe6 26.Qe2 Kg8 27.Rd6 Rxd6 
28.exd6 e5 29.Qc4+ Qf7 30.Qa4 Rd7 1/2-1/2

[Event "RUS-ChT L1"]
[Site "Sochi RUS"]
[Date "2008.04.07"]
[Round "5"]
[White "Shimanov, Alexandr"]
[Black "Papin, Vasily"]
[Result "0-1"]
[WhiteElo "2441"]
[BlackElo "2475"]
[EventDate "2008.04.03"]
[PlyCount "100"]

1.d4 d5 2.c4 c6 3.Nf3 Nf6 4.Qc2 dxc4 5.Qxc4 Bg4 6.Nc3 e6 7.e4 Bxf3 8.gxf3 
Be7 9.Rg1 O-O 10.Bh6 Ne8 11.O-O-O Kh8 12.Be3 Nd7 13.Kb1 a5 14.f4 Nd6 15.
Qe2 b5 16.Qg4 Rg8 17.Bd3 a4 18.e5 f5 19.Qf3 Nc4 20.Qxc6 Nxb2 21.Kxb2 Rc8 
22.Qa6 a3+ 23.Ka1 Rxc3 24.Qxe6 Qa5 25.Rc1 Rgc8 26.Bxf5 Bf8 27.Qf7 R3c4 28.
Qh5 Rxc1+ 29.Rxc1 Rxc1+ 30.Bxc1 Qc3+ 31.Kb1 Qb4+ 32.Kc2 Qc4+ 33.Kd1 Qf1+ 
34.Kd2 Qxf2+ 35.Kc3 Bb4+ 36.Kb3 Nf8 37.Qd1 Be7 38.d5 Qc5 39.d6 Qc4+ 40.
Kxa3 Qc3+ 41.Qb3 Qxc1+ 42.Qb2 Bxd6+ 43.exd6 Qc5+ 44.Qb4 Qxf5 45.Qd4 Nd7 
46.Kb4 Qb1+ 47.Ka3 Qc2 48.h4 h6 49.Qb4 Qc1+ 50.Kb3 Nc5+ 0-1

[Event "RUS-ChT L1"]
[Site "Sochi RUS"]
[Date "2008.04.07"]
[Round "5"]
[White "Shorokhov, Alexandr"]
[Black "Smirnov, Artem"]
[Result "0-1"]
[WhiteElo "2465"]
[BlackElo "2435"]
[EventDate "2008.04.03"]
[PlyCount "50"]

1.e4 c5 2.Nf3 Nc6 3.d4 cxd4 4.Nxd4 Nf6 5.Nc3 d6 6.Bg5 e6 7.Qd2 Be7 8.O-O-O
Qb6 9.Nb3 O-O 10.f3 a6 11.h4 Rd8 12.Qe1 Qc7 13.h5 h6 14.Be3 b5 15.Nd4 Ne5 
16.Kb1 b4 17.Nce2 Nc4 18.Bc1 e5 19.Nf5 Bxf5 20.exf5 Rab8 21.Ng3 Na3+ 22.
bxa3 bxa3+ 23.Ka1 Qb6 24.Bxa3 d5 25.Qc3 Rdc8 0-1

[Event "RUS-ChT L1"]
[Site "Sochi RUS"]
[Date "2008.04.07"]
[Round "5"]
[White "Slugin, Sergey"]
[Black "Shuraev, Andrei"]
[Result "1/2-1/2"]
[WhiteElo "2402"]
[BlackElo "2409"]
[EventDate "2008.04.03"]
[PlyCount "23"]

1.d4 d5 2.c4 e6 3.Nf3 Nf6 4.g3 c5 5.cxd5 Nxd5 6.Bg2 Nc6 7.O-O cxd4 8.Nxd4 
Bc5 9.Nb3 Be7 10.Nc3 Nxc3 11.bxc3 Rg8 12.Nd4 1/2-1/2

[Event "RUS-ChT L1"]
[Site "Sochi RUS"]
[Date "2008.04.07"]
[Round "5"]
[White "Venevtsev, Andrey"]
[Black "Pogromsky, Mikhail"]
[Result "1/2-1/2"]
[WhiteElo "2178"]
[BlackElo "2408"]
[EventDate "2008.04.03"]
[PlyCount "62"]

1.e4 Nf6 2.e5 Nd5 3.c4 Nb6 4.d4 d6 5.exd6 exd6 6.Nc3 Be7 7.Bd3 Nc6 8.Nge2 
Bg4 9.Be3 Bh5 10.O-O O-O 11.f3 Re8 12.Ng3 Bg6 13.Bxg6 hxg6 14.b3 Bf6 15.
Bf2 d5 16.c5 Nc8 17.Rc1 N8e7 18.Re1 Qd7 19.Qd2 Nf5 20.Nxf5 Qxf5 21.Nb5 
Rxe1+ 22.Rxe1 Rc8 23.h3 a6 24.Nc3 Kf8 25.g4 Qd7 26.Kg2 Re8 27.Rh1 Nd8 28.
h4 Ne6 29.Ne2 Qb5 30.Re1 b6 31.cxb6 cxb6 1/2-1/2

[Event "RUS-ChT L1"]
[Site "Sochi RUS"]
[Date "2008.04.07"]
[Round "5"]
[White "Voitsekhovsky, Stanislav"]
[Black "Babiy, Anatoly"]
[Result "1-0"]
[WhiteElo "2493"]
[BlackElo "2452"]
[EventDate "2008.04.03"]
[PlyCount "93"]

1.e4 c5 2.Nf3 d6 3.d4 cxd4 4.Nxd4 Nf6 5.Nc3 a6 6.Be2 e6 7.O-O Nc6 8.Kh1 
Be7 9.f4 Qc7 10.Be3 O-O 11.a4 Re8 12.Bd3 Bd7 13.Qf3 Nb4 14.a5 Rac8 15.Qg3 
Nxd3 16.cxd3 Bc6 17.b4 Nd7 18.Rac1 Bf6 19.f5 Qd8 20.fxe6 fxe6 21.Nce2 Nf8 
22.Nxc6 Rxc6 23.Bb6 Qe7 24.Rxc6 bxc6 25.Rc1 Be5 26.Qe3 Rc8 27.d4 Bf6 28.
Qd3 Qb7 29.d5 cxd5 30.Rxc8 Qxc8 31.exd5 e5 32.Nc3 Nd7 33.Bg1 Be7 34.Ne4 
Nb8 35.b5 axb5 36.Qxb5 Na6 37.Qb6 Bd8 38.Qxd6 Bxa5 39.Qxe5 Bb4 40.d6 Nb8 
41.Ng5 h6 42.Qd5+ Kh8 43.Nf7+ Kh7 44.Qe4+ Kg8 45.Nxh6+ gxh6 46.Qg6+ Kf8 
47.Qxh6+ 1-0

[Event "RUS-ChT L1"]
[Site "Sochi RUS"]
[Date "2008.04.07"]
[Round "5"]
[White "Yatsenko, Alexey"]
[Black "Barbashin, Igor"]
[Result "1-0"]
[WhiteElo "2442"]
[BlackElo "2289"]
[EventDate "2008.04.03"]
[PlyCount "100"]

1.Nf3 Nf6 2.c4 d6 3.d4 Nbd7 4.Nc3 e5 5.g3 Be7 6.Bg2 O-O 7.O-O Re8 8.Qc2 c6
9.Rd1 Qc7 10.e4 Bf8 11.h3 exd4 12.Nxd4 g6 13.Be3 a5 14.b3 Nc5 15.Re1 Ne6 
16.Nxe6 Bxe6 17.f4 d5 18.e5 Nh5 19.Qf2 dxc4 20.g4 Bb4 21.Rec1 Ng7 22.Ne4 
cxb3 23.Nf6+ Kh8 24.Qh4 Nh5 25.Nxe8 Rxe8 26.axb3 Ng7 27.Qf2 Bxb3 28.Bb6 
Qe7 29.Bxa5 Bxa5 30.Rxa5 Qb4 31.Raa1 Ne6 32.Rf1 Nd4 33.Rab1 Qc5 34.Kh1 b5 
35.Rfc1 Bc4 36.Rd1 Rd8 37.Rb2 Qb6 38.f5 c5 39.Qh4 Re8 40.e6 fxe6 41.Qf6+ 
Kg8 42.fxg6 Qc7 43.gxh7+ Qxh7 44.Qg5+ Qg7 45.Qxc5 Nb3 46.Rxb3 Bxb3 47.Qxb5
Bxd1 48.Qxe8+ Qf8 49.Qxe6+ Qf7 50.Qxf7+ Kxf7 1-0

[Event "RUS-ChT L1"]
[Site "Sochi RUS"]
[Date "2008.04.09"]
[Round "7"]
[White "Ajrapetian, Gevorg"]
[Black "Maslak, Konstantin"]
[Result "1/2-1/2"]
[WhiteElo "2298"]
[BlackElo "2510"]
[EventDate "2008.04.03"]
[PlyCount "94"]

1.e4 c5 2.Nf3 Nc6 3.d4 cxd4 4.Nxd4 Nf6 5.Nc3 d6 6.f3 e5 7.Nb3 Be7 8.Be3 
O-O 9.Qd2 Be6 10.Nd5 Rc8 11.c4 Nd7 12.Rd1 Nc5 13.Nxe7+ Qxe7 14.Qxd6 Qxd6 
15.Rxd6 Na4 16.Rd2 Rfd8 17.Nc5 Rxd2 18.Kxd2 Nxb2 19.Nxe6 fxe6 20.Kc2 Nxc4 
21.Bxc4 Na5 22.Bxa7 Rxc4+ 23.Kb2 Rc7 24.Rc1 Nc4+ 25.Kb3 Na5+ 26.Kb2 Rd7 
27.Bf2 Kf7 28.Bg3 Kf6 29.Rc5 Nc6 30.Kc3 Rd1 31.Rb5 Rc1+ 32.Kd3 Ra1 33.Rxb7
Rxa2 34.Rc7 Nb4+ 35.Ke3 Ra3+ 36.Ke2 h5 37.Rc5 Nd3 38.Rc8 g5 39.h4 g4 40.
Rg8 Nf4+ 41.Bxf4 exf4 42.fxg4 Rg3 43.Rg5 Rxg4 44.Rxh5 Kg6 45.Rh8 e5 46.Kf2
Kg7 47.Rh5 Kf6 1/2-1/2

[Event "RUS-ChT L1"]
[Site "Sochi RUS"]
[Date "2008.04.09"]
[Round "7"]
[White "Anisimov, Pavel"]
[Black "Danin, Alexandre"]
[Result "1-0"]
[WhiteElo "2485"]
[BlackElo "2480"]
[EventDate "2008.04.03"]
[PlyCount "70"]

1.e4 c5 2.Nf3 d6 3.d4 cxd4 4.Nxd4 Nf6 5.Nc3 a6 6.Be3 e5 7.Nf3 Be7 8.Bc4 
O-O 9.O-O Be6 10.Bb3 Nc6 11.Bg5 Nd7 12.Bxe7 Qxe7 13.Nd5 Qd8 14.Qe2 Nc5 15.
Rad1 b5 16.h3 Rc8 17.Rd2 Ne7 18.Rfd1 Nxb3 19.Nxe7+ Qxe7 20.axb3 Rc6 21.Nh2
f5 22.exf5 Rxf5 23.Qe4 Qc7 24.Ng4 Rf4 25.Qe2 h6 26.Ne3 b4 27.Ra1 Rd4 28.
Rd3 d5 29.Rxa6 Rxa6 30.Rxd4 exd4 31.Qxa6 Kf7 32.Nf1 Qxc2 33.Qa7+ Kg8 34.
Qxd4 Qxb3 35.f4 Bf7 1-0

[Event "RUS-ChT L1"]
[Site "Sochi RUS"]
[Date "2008.04.09"]
[Round "7"]
[White "Aveskulov, Valeriy"]
[Black "Levin, Evgeny A"]
[Result "1/2-1/2"]
[WhiteElo "2532"]
[BlackElo "2440"]
[EventDate "2008.04.03"]
[PlyCount "40"]

1.e4 c5 2.Nf3 d6 3.d4 cxd4 4.Nxd4 Nf6 5.Nc3 a6 6.Be2 e6 7.O-O Be7 8.f4 Qc7
9.Kh1 O-O 10.Be3 b5 11.e5 dxe5 12.fxe5 Nfd7 13.Bd3 Nc5 14.Qf3 Bb7 15.Qg3 
Nbd7 16.Bf4 b4 17.Nce2 Kh8 18.Nf3 Nxd3 19.cxd3 Nc5 20.Rac1 Qd7 1/2-1/2

[Event "RUS-ChT L1"]
[Site "Sochi RUS"]
[Date "2008.04.09"]
[Round "7"]
[White "Babiy, Anatoly"]
[Black "Rodin, Dmitrij"]
[Result "1-0"]
[WhiteElo "2452"]
[BlackElo "2456"]
[EventDate "2008.04.03"]
[PlyCount "105"]

1.Nf3 Nf6 2.d4 e6 3.c4 Bb4+ 4.Bd2 a5 5.g3 b6 6.Bg2 Bb7 7.O-O O-O 8.Bg5 Be7
9.Qc2 h6 10.Bf4 c5 11.dxc5 bxc5 12.Nc3 d6 13.Rad1 Qb6 14.e4 e5 15.Bc1 Nc6 
16.Nd5 Nxd5 17.exd5 Nd4 18.Nxd4 cxd4 19.Bd2 Rac8 20.Rb1 Ba6 21.b3 f5 22.
Bh3 e4 23.Qd1 e3 24.Be1 Rce8 25.fxe3 dxe3 26.Qd3 g6 27.Qe2 Bf6 28.Rd1 h5 
29.Rf3 Re4 30.Kh1 Rfe8 31.Rd3 Kg7 32.Bg2 a4 33.Rf1 Rd4 34.Rxe3 Rxe3 35.
Qxe3 axb3 36.axb3 Qc5 37.Bc3 Bc8 38.Bxd4 Qxd4 39.Qxd4 Bxd4 40.Re1 Kf6 41.
Bf3 Bc5 42.Re2 Bd7 43.Kg2 Bb4 44.Ra2 Bc5 45.Ra8 Ke7 46.Rb8 Ba7 47.Ra8 Bc5 
48.Bd1 Be8 49.Rb8 g5 50.b4 Be3 51.b5 f4 52.gxf4 gxf4 53.b6 1-0